00542nam a2200145 a 450000100100000000500170001000800410002702000150006804000250008310000210010824500970012926000840022630000360031071000500034600004341120201002040905.0140314s1993 sp f 000 0 spa d a8488484011 aDO-SdBNPbspacBNPHU1 aGranell, Eugenio10aEugenio Granell: Consorcio da cidade de Santiago Auditorio de Compostela /cEugenio Granell. aSantiago de Compostela :bConsorcio da Cidade de Santiago de Compostela,c1993. a212 p. :bil., lám. ;c31 cm.2 aConsorcio da Cidade de Santiago de Compostela